[Event "XXXIX Benasque Open 2019"]
[Site "Benasque"]
[Date "2019.07.13"]
[Round "10.8"]
[White "Valmana Canto, Jaime"]
[Black "Martinez Alcantara, Jose Eduardo"]
[Result "1/2-1/2"]
[WhiteElo "2401"]
[BlackElo "2601"]
[Annotator "TA"]
[PlyCount "99"]
[EventDate "2019.07.04"]
[EventType "swiss"]
[EventCountry "ESP"]
[SourceTitle "playchess.com"]
[Source "ChessBase"]
[SourceQuality "1"]

{[%evp 11,99,21,34,22,18,14,27,13,30,13,20,20,58,44,93,0,0,0,86,5,0,0,0,0,0,0,16,16,9,0,0,0,2,0,14,-10,-11,-8,11,8,8,8,8,6,12,12,41,41,42,0,0,0,0,0,0,0,0,0,0,0,0,0,0,0,0,0,0,0,0,0,8,8,8,0,0,0,0,0,0,0,0,0,0,0,0,0,0,0,0,0]} 1. e4 c5 2. Nf3 d6 3. d4 cxd4 4. Nxd4 Nf6 5. Nc3 a6 6. Bg5 Nbd7 7. Qe2 {B94: Sicilian Najdorf: 6 Bg5 Nbd7} (7. f4 Qc7 8. Qf3 g6 9. O-O-O Bg7 10. Be2 h6 11. Bh4 Nb6 12. h3 Bd7 13. Rhe1 Bc6 14. Nxc6 bxc6 15. Bxf6 exf6 {½-½ (69) Sjugirov,S (2661)-Artemiev,V (2754) Sochi 2019}) 7... h6 8. Bh4 g6 9. f4 {White has an edge.} e5 10. fxe5 dxe5 11. O-O-O Be7 12. Nb3 Qc7 13. Qc4 $146 (13. Qf3 $16 {Rxd7! is the strong threat.} g5 14. Bg3) ({Predecessor:} 13. Qf3 g5 14. Bf2 g4 {0-1 (42) Stocko,J (2334)-Grinberg,E (2451) Budapest 2017}) 13... Qxc4 $11 14. Bxc4 Nb6 (14... b5 $11 15. Bd5 Nxd5 16. Nxd5 Bxh4 17. Nc7+ {[%mdl 64] Double Attack} Ke7 18. Nxa8 Bb7) 15. Bd3 (15. Na5 $16) 15... Be6 16. Nc5 Ng4 $1 17. Bxe7 Kxe7 18. Rdf1 Rab8 19. Rf3 Rhf8 20. h3 Nf6 21. Rhf1 Nbd7 22. Nxe6 fxe6 23. a4 Rbc8 24. Kd2 Nc5 25. b4 Nxd3 26. cxd3 Rcd8 27. Kc2 g5 28. a5 h5 29. Na4 g4 30. hxg4 hxg4 {The position is equal.} 31. R3f2 g3 32. Rf3 Nh5 33. Rxf8 Rxf8 34. Rxf8 Kxf8 {[%mdl 4096] Endgame KN-KN} 35. Kd2 {aiming for Nc5.} Nf4 36. Nc3 Ke7 (36... Nxg2 $5 37. Ne2 $8 Ke7 $11) 37. Ne2 Nxg2 38. Nxg3 Kd6 39. Kc3 Kc6 40. Nf1 b6 41. axb6 Kxb6 42. Nd2 Kb5 43. Nc4 Nf4 44. Nd6+ Kc6 45. Nc4 Kb5 46. Nxe5 Ne2+ 47. Kd2 Nd4 48. Kc3 Ne2+ 49. Kb3 Nd4+ 50. Kc3 {Accuracy: White = 72%, Black = 69%.} 1/2-1/2

[Event "XXXIX Benasque Open 2019"]
[Site "Benasque"]
[Date "2019.07.13"]
[Round "10.9"]
[White "Torres Sanchez, Jose"]
[Black "Rychagov, Andrey"]
[Result "0-1"]
[WhiteElo "2267"]
[BlackElo "2537"]
[Annotator "TA"]
[PlyCount "94"]
[EventDate "2019.07.04"]
[EventType "swiss"]
[EventCountry "ESP"]
[SourceTitle "playchess.com"]
[Source "ChessBase"]
[SourceQuality "1"]

{[%evp 9,94,20,20,19,20,20,31,31,25,26,17,25,15,12,12,13,32,8,7,-14,-8,-18,-21,-53,-39,-54,-33,-37,-18,-81,-94,-96,-88,-88,-88,-88,-86,-83,-83,-83,-80,-92,-61,-61,-61,-61,-61,-61,-61,-50,-53,-48,-31,-27,-39,-104,-100,-133,-145,-187,-164,-181,-181,-238,-225,-307,-292,-312,-355,-351,-351,-341,-305,-1268,-1222,-1414,-1191,-6756,-6646,-1265,-1810,-6087,-5746,-3535,-1450,-7100,-5349]} 1. c4 f5 2. Nc3 Nf6 3. d4 e6 4. e3 Bb4 5. Nge2 O-O (5... b6 6. a3 Be7 7. Nf4 O-O 8. Bd3 Bb7 9. O-O Qe8 10. f3 Nc6 11. d5 Nd8 12. Nb5 Bd6 13. Nxd6 cxd6 {1-0 (56) Dreev,A (2668)-Kovalenko,I (2644) Moscow 2013}) 6. a3 {A85: Dutch Defence: 2 c4 Nf6 3 Nc3} Be7 7. Ng3 d5 8. Bd3 {White is slightly better.} Ne4 $146 ({Predecessor:} 8... c6 9. O-O Ne4 10. Ncxe4 fxe4 11. Bc2 Nd7 12. b3 Bd6 13. f3 exf3 14. Rxf3 {½-½ (26) Maloberti,D (2128)-Brousek,J (2157) IECC email 2001}) 9. Nge2 c6 10. f3 Nxc3 11. bxc3 Bd6 12. O-O Nd7 13. cxd5 cxd5 14. Qc2 Qc7 15. g3 Nb6 16. e4 fxe4 17. fxe4 Rxf1+ 18. Kxf1 {Threatens to win with e5.} e5 {And now ...Bh3+ would win.} 19. dxe5 (19. Kg2 $1 $11) 19... Bh3+ $17 20. Kg1 Bc5+ ({Much worse is} 20... Bxe5 $6 21. exd5 Rf8 22. Nf4 $11 (22. Bxh7+ Kh8 $17)) 21. Nd4 Qxe5 22. Bf4 Bxd4+ 23. Kh1 Qh5 {( -> ...Qf3+)} 24. cxd4 g5 25. Be2 Bg4 26. Bxg4 Qxg4 27. Be5 Rc8 28. Qd3 $1 Qxe4+ 29. Qxe4 dxe4 $15 {[%mdl 4096] Endgame KRB-KRN} 30. Re1 Nd5 {Hoping for ...e3.} 31. Rxe4 Rc3 32. Bd6 (32. Bb8 $15) 32... Re3 $1 $17 {[%cal Re3e4]} 33. Rxe3 Nxe3 {KB-KN} 34. Kg1 {[#]} Kf7 $1 35. Kf2 Nc4 36. Bb8 (36. Bb4 $142) 36... a6 $19 37. a4 g4 38. Ke2 Ke6 39. Kd3 Kd5 40. Kc3 h5 41. Bc7 $2 {[#]} (41. Ba7) 41... b5 $1 {[%cal Rb5a4] Black is clearly winning.} 42. axb5 axb5 43. Bd8 Ne3 44. Kd3 Nf1 45. Be7 Nxh2 46. Ke3 Nf1+ 47. Kf4 Kxd4 {Accuracy: White = 41%, Black = 93%.} 0-1

[Event "XXXIX Benasque Open 2019"]
[Site "Benasque"]
[Date "2019.07.13"]
[Round "10.10"]
[White "Suarez Uriel, Adrian"]
[Black "Cruz, Cristhian"]
[Result "1-0"]
[WhiteElo "2392"]
[BlackElo "2562"]
[Annotator "TA"]
[PlyCount "61"]
[EventDate "2019.07.04"]
[EventType "swiss"]
[EventCountry "ESP"]
[SourceTitle "playchess.com"]
[Source "ChessBase"]
[SourceQuality "1"]

{[%evp 11,61,39,39,22,40,35,41,36,45,39,61,63,63,49,48,36,41,41,43,32,49,0,0,0,0,0,0,0,0,0,26,0,219,166,218,151,171,0,85,70,66,77,84,74,29989,29990,29990,29991,29992,29993,29993,29993]} 1. e4 c5 2. Nf3 Nc6 3. d4 cxd4 4. Nxd4 e6 5. Nc3 Qc7 6. Be3 a6 7. Qf3 {B48: Sicilian: Taimanov: 5 Nc3 Qc7 6 Be3 a6 without Be2} (7. Bd3 Nf6 8. O-O Nxd4 9. Bxd4 Bc5 10. Bxc5 Qxc5 11. Na4 Qc7 12. c4 d6 13. Nc3 O-O 14. Be2 Rd8 15. Qd4 e5 16. Qe3 Be6 17. b3 Qc5 18. Qd3 Rac8 19. Rac1 {½-½ (35) Jakovenko,D (2719)-Harikrishna,P (2723) Shenzhen 2019}) 7... Bd6 8. O-O-O Be5 $1 9. g3 {White is slightly better.} Nf6 10. Qe2 O-O $146 ({Predecessor:} 10... d6 11. Bg2 O-O 12. f4 Bxd4 13. Bxd4 Nxd4 {½-½ (32) Cubas,J (2469)-Barbosa,E (2496) Brasilia 2017}) 11. f4 Bxd4 12. Bxd4 Nxd4 13. Rxd4 d6 14. Bg2 e5 15. Rd2 b5 {[%cal Bb7b5,Bb5b4][%mdl 32]} 16. Rhd1 b4 17. Nd5 Nxd5 18. Rxd5 Be6 19. Rxd6 Bxa2 20. Qe3 Rfb8 21. f5 f6 $2 (21... Rc8 $11 {and Black stays safe.} 22. R1d2 Qa5) 22. b3 Qa5 (22... Rc8 $142 23. Qd3 Kh8) 23. R1d2 Rc8 24. Rd7 $2 ({White should play} 24. Kd1 $18) 24... Kh8 (24... Rc3 $11 {remains equal.} 25. Rxg7+ Kxg7 26. Rd7+ Kf8 27. Qh6+ {[%mdl 64] Double Attack} Ke8 28. Qxh7 Rxc2+ 29. Kxc2 Qc5+ 30. Kb2 Qc3+ 31. Kxa2 Qc2+ {[%mdl 64] Double Attack} 32. Ka1 Qc3+ 33. Kb1 Qe1+ 34. Kb2 (34. Kc2 Qe2+ 35. Kc1 Qe1+ 36. Kc2 Qe2+ 37. Kb1 Qe1+ 38. Kc2 $11) 34... Qe2+ 35. Kc1 (35. Kb1 Qe1+ 36. Kc2 Qe2+ 37. Kb1 Qe1+ $11) 35... Qe1+ 36. Kc2 Qe2+ 37. Kb1 (37. Kc1 Qe1+ 38. Kc2 Rc8+ 39. Rc7 Qf2+ 40. Kc1 Qg1+ 41. Kc2 Qxg2+ 42. Kc1 Rxc7+ 43. Qxc7 Qg1+ 44. Kb2 Qd4+ 45. Kc1 Qg1+ 46. Kb2 Qd4+ 47. Kc1 Qg1+ $11) 37... Qe1+ 38. Kc2 Qe2+ 39. Kb1 (39. Kc1 Qe1+ 40. Kc2 $11) 39... Qe1+) 25. Kd1 $1 $16 {aiming for Rxg7!} Bb1 {Strongly threatening ...Rc3.} 26. Rxg7 $40 {[%mdl 128] Qh6! would kill now. White wants a kill.} Bxc2+ {[#]} ({And not} 26... Kxg7 27. Rd7+ Kf8 28. Qh6+ $1 {[%mdl 512]} Ke8 29. Qxh7 Qd5+ 30. exd5 Bxc2+ 31. Kd2 Bxb3 32. Qf7#) 27. Ke1 $1 {Intending Qh6! and mate.} Bxb3 $2 {[%mdl 8192] [#]} (27... Kxg7 $2 {too greedy.} 28. Rd7+ Kg8 {[#]} 29. Qh6 $1 $18 {[%mdl 512]}) (27... Rd8 $16 28. Rgd7 Rxd7 29. Rxd7 Qb5) 28. Qh6 $1 {[%csl Gg7][%cal Rh6h7][%mdl 576] Double Attack. White mates.} Rc1+ 29. Kf2 {[%csl Gg7][%cal Rh6h7]} Qb6+ 30. Kf3 {[%csl Gg7][%cal Rh6h7]} Bg8 31. Rdd7 {Accuracy: White = 79%, Black = 50%.} 1-0